000 00438nam a2200157Ia 4500
008 210716s2006 xx 000 0 und d
020 _a9780061894084
041 _aeng
082 _a658.409 PETT
100 _aPeters, Tom.
245 _aLittle big things: 163 ways to pursue excellence.
_b163 ways to pursue excellence.
250 _a1
260 _aNew York
_bHarper Collins Publishers
_c2006
300 _axxix,538
650 _aNone
999 _c206362
_d206362